| 000 | 00545nam a2200193 a 4500 | ||
|---|---|---|---|
| 005 | 20140310183156.0 | ||
| 008 | 021014s19uu xx 00 eng d | ||
| 020 | _a0538877375 | ||
| 050 |
_aHG 4521 _b.L628 1999 |
||
| 100 | _aLevy, Haim | ||
| 245 |
_aIntroduction to investments / _cHaim Levy. |
||
| 260 |
_aCincinnati, Ohio : _bSouth-Western College Pub., _c1999. |
||
| 300 |
_axxxix, 983 p. : _bill. ; _c24 cm. |
||
| 521 | _aBSBA | ||
| 650 | _aInvestments | ||
| 650 |
_aCorporations _xfinance |
||
| 942 |
_cBK _2lcc _kFOR |
||
| 999 |
_c19755 _d19755 |
||